Български народни носии и шевици (Запис номер 212170)
[ съкратено ]
| 000 -Лидер | |
|---|---|
| Контролно поле с фиксирана дължина | nkm a22 a 4500 |
| 003 - Код на организацията, давaща контролен номер | |
| Контролно поле | BLK |
| 005 - Дата и час на последна редакция | |
| Контролно поле | 20230107144141.0 |
| 008 - Елементи от данни с фиксирана дължина | |
| fixed length control field | 180413b bul rap|r|||| r0| ||bulo| |
| 010 ## - Наследен системен номер | |
| LC control number | KNG00208381000 |
| 020 ## - Международен стандартен номер на книга ISBN | |
| Международен стандартен номер на книга ISBN | 9786197198201 |
| 020 ## - Международен стандартен номер на книга ISBN | |
| Международен стандартен номер на книга ISBN | 8591773188816 |
| 040 ## - Източник на каталожния запис | |
| Идентификатор на билиотеката - собственик на записа | BLK |
| 041 ## - Код за език | |
| Код за езика на текст/звукозапис или на отделно заглавие | Български |
| Код за езика КДБФ | Български |
| 072 #7 - Код за тематичната категория | |
| Код организация | bullib |
| Код за тематична категория | Н86 |
| Текст | Детска отраслова литература Н |
| 080 ## - УДК | |
| Текстов определител УДК | Облекло. Носия. Мода. Накит. Вж и 613.4 ; 646 ; 687 |
| УДК код - определител по УДК | 391 |
| УДК определител | (497.2):087.5 |
| УДК - код + определител | 391(497.2):087.5 |
| 080 ## - УДК | |
| Текстов определител УДК | Художествени ръкоделия |
| УДК код - определител по УДК | 746 |
| УДК определител | :087.5 |
| УДК - код + определител | 746:087.5 |
| 139 ## - Редно поле | |
| Редна дума | Български народни носии и шевици |
| Авторски знак | Бъл - Б 92 |
| 245 10 - Сведения за заглавието | |
| Заглавие | Български народни носии и шевици |
| Подзаглавни данни | Творчески занимания за деца : Оцветяване, рисуване, любопитни факти |
| Редно поле (дума) | състав. Диана Бойчева; състав. Петя Валентинова Димитрова; худож. Марко Марков. |
| 246 11 - Различни форми на заглавието | |
| Паралелно заглавие | Bulgarian National Costumes and Patterns: Creative activities for children : Colouring, drawing, curious facts |
| 257 ## - Страна на издаване | |
| Страна на създаване/издаване | България |
| 260 ## - Област на издателските данни | |
| Място на издаване, разпространение и проч. | София |
| Име на издателя, разпространителя и проч. | БГкнига |
| Година на издаване | 2015 |
| Печатница | София : Д. Благоев |
| 300 ## - Физическа характеристика | |
| Страници | 216 с. |
| Илюстрации и др. | с цв. ил. |
| Размери/Мащаб | 28 см |
| 380 ## - Жанр | |
| Жанр | Детска отраслова лит. |
| 500 ## - Общи забележки | |
| Забележка | Загл. на кор.: Bulgarian traditional costumes and patterns: creative activities for children. |
| 650 #4 - Допълнително описание по предмет – тема | |
| Основно описание – тема или топоним | Народни носии |
| 9 (RLIN) | 288559 |
| 653 ## - Ключова дума – ненормативна | |
| Ключова дума | народни носии |
| 653 ## - Ключова дума – ненормативна | |
| Ключова дума | шевици |
| 653 ## - Ключова дума – ненормативна | |
| Ключова дума | книжки за оцветяване |
| 659 ## - Тематичен бюлетин | |
| Тематичен бюлетин | Н |
| 700 1# - Други автори (авторска отговорност) | |
| Лично име | Бойчева, Диана |
| Автороска отговорност (Описва отношението между автора и произведението) | състав. |
| 9 (RLIN) | 353058 |
| 700 1# - Други автори (авторска отговорност) | |
| Лично име | Димитрова, Петя Валентинова |
| Автороска отговорност (Описва отношението между автора и произведението) | състав. |
| 9 (RLIN) | 353056 |
| 700 1# - Други автори (авторска отговорност) | |
| Лично име | Марков, Марко |
| Автороска отговорност (Описва отношението между автора и произведението) | худож. |
| Друга информация | Ванков, Марко Марков |
| 9 (RLIN) | 364381 |
| 852 ## - Местоположение | |
| Форматна сигнатура | Цб ІІ 28188 |
| Фондова буква | Хранилище |
| 856 4# - Електронен адрес и достъп | |
| Електронен формат | pdf - файл |
| Път до файла /url/ | |
| 856 4# - Електронен адрес и достъп | |
| Електронен формат | pdf - файл |
| Път до файла /url/ | |
| 999 ## - СИСТЕМНИ КОНТРОЛНИ НОМЕРА | |
| Koha biblionumber | 212170 |
| Koha biblioitemnumber | 212170 |
| 942 ## - АРТИКУЛИ | |
| Вид на библиотечния материал | Графични издания |
| Скрит в OPAC | Не |
| Koha issues (borrowed), all copies | 7 |
| Периодичен библиозапис | Да |
| 944 ## - СЪЗДАВАНЕ И РЕДАКЦИЯ на ЗАПИСА | |
| Създаване/Редакция | Създаване |
| Дата на регистрацията/редакция | 21.06.2017 |
| Служител, извършил регистрацията/редакцията | Виолета_Тройчева |
| 944 ## - СЪЗДАВАНЕ И РЕДАКЦИЯ на ЗАПИСА | |
| Създаване/Редакция | Редакция |
| Дата на регистрацията/редакция | 14.07.2017 |
| Служител, извършил регистрацията/редакцията | Геновева_Генчева |
| 999 ## - СИСТЕМНИ КОНТРОЛНИ НОМЕРА | |
| Koha biblioitemnumber | 212170 |
| 999 ## - СИСТЕМНИ КОНТРОЛНИ НОМЕРА | |
| Koha biblioitemnumber | 212170 |
| 999 ## - СИСТЕМНИ КОНТРОЛНИ НОМЕРА | |
| Koha biblioitemnumber | 212170 |
| Код за отписване | Код за изгубен артикул | Източник на класификационната схема | Код за повреда | Коз за рестрикции | Код за отдаване | Артикулен № | Име на библиотеката - собственик | Име на библиотеката, в която се намира в момента | Статус (Текущо местоположение) | Дата на вписване в системата | Местоположение - отдел | Цена в лева | Инвентарен номер | Систематично азбучна сигнатура | Баркод | Номер на екземпляра | Цена в евро | Служебна бележка | Служебен тип на артикула |
|---|---|---|---|---|---|---|---|---|---|---|---|---|---|---|---|---|---|---|---|
| Не е изгубен | Universal Decimal Classification | Не е повреден | само за читалня | ползва се в читалня | 364151 | Регионална библиотека "Любен Каравелов" Русе | Регионална библиотека "Любен Каравелов" Русе | Хранилище | 2017-06-21 | Хранилище | 16.99 | 120000812607 | Цб ІІ 28188 | 120000812607 | 1 | 8.69 | Дост: Dp Вид: Д N: 22 Дата: 04.05.2017 | Графични издания | |
| Не е изгубен | Universal Decimal Classification | Не е повреден | без рестрикции | заемане за дома | 799425 | Регионална библиотека "Любен Каравелов" Русе | Регионална библиотека "Любен Каравелов" Русе | Детски отдел | 2020-09-17 | Детски отдел | 12.74 | 74/Б 92 | 120000846821 | 6.51 | Графични издания |